| 000 | 00933cam a2200277 a 4500 | ||
|---|---|---|---|
| 001 | 3787562 | ||
| 003 | OSt | ||
| 005 | 20140310182053.0 | ||
| 008 | 840910s1985 nyua b 001 0 eng | ||
| 010 | _a 84021310 | ||
| 020 |
_a0029195500 : _c$24.95 (est.) |
||
| 040 |
_aDLC _cDLC _dDLC |
||
| 050 | 0 | 0 |
_aBX 4705.J6 _b.M38 1985 |
| 082 | 0 | 0 |
_aHS 230.2 _bM17 1985 |
| 100 |
_aMcGinn, Bernard, _d1937- _912260 |
||
| 245 | 1 | 4 |
_aThe Calabrian Abbot : _bJoachim of Fiore in the history of Western thought / _cBernard McGinn. |
| 260 |
_aNew York : _bMacmillan, _cc1985. |
||
| 300 |
_a261 p. ; _bill. ; _c25 cm. |
||
| 504 | _aIncludes bibliographies and index. | ||
| 562 | _eFor circulation. 1 copy available in the collection | ||
| 600 | 0 | 0 |
_aJoachim, _cof Fiore, _dca. 1132-1202. _912261 |
| 650 | 0 |
_aReligious thought _yMiddle Ages, 600-1500. _912262 |
|
| 906 |
_a7 _bcbc _corignew _d1 _eocip _f19 _gy-gencatlg |
||
| 942 | _2lcc | ||
| 999 |
_c9045 _d9045 |
||